| 000 | 005760000a22001810004500 | ||
|---|---|---|---|
| 003 | MACL | ||
| 005 | 20160601162349.0 | ||
| 008 | 160601b xxu||||| |||| 00| 0 eng d | ||
| 040 |
_aMACL _cMACL |
||
| 041 | _aHindi | ||
| 082 | _a920 | ||
| 100 |
_aबर्नी, अजीज _961471 |
||
| 245 |
_aसददाम हुसैन _bसफर जिन्दगी का _cअजीज बर्नी |
||
| 260 |
_bडायनेमिक पब्लिकेशंस _aमेरठ |
||
| 350 | _a100 | ||
| 650 |
_aBiography _961472 |
||
| 942 |
_cHIN _k920/BAR _2ddc |
||
| 999 |
_c19363 _d19363 |
||